Fluid dynamics : theory, computation, and numerical simulation /

Bibliographic Details
Main Author: Pozrikidis, C. (Constantine), 1958-
Corporate Author: SpringerLink (Online service)
Format: eBook
Language:English
Published: New York ; London : Springer, 2009.
Subjects:
Online Access:Connect to the full text of this electronic book

MARC

Tag First Indicator Second Indicator Subfields
LEADER 00000cam a2200000Ia 4500
001 in00002548113
005 20210727090309.0
006 m d
007 cr cn|
008 090824s2009 nyua s 001 0 eng d
020 |a 0387958711 
020 |a 9780387958712 
035 |a (OCoLC)432702802 
035 |a (OCoLC)ocn432702802 
035 |a 3650223 
037 |a 978-0-387-95869-9  |b Springer  |n http://www.springerlink.com 
040 |a GW5XE  |b eng  |c GW5XE  |d UtOrBLW 
049 |a TXAC 
050 1 4 |a QA911  |b .P63 2009 
082 0 4 |a 620.106  |2 22 
100 1 |a Pozrikidis, C.  |q (Constantine),  |d 1958-  |0 http://id.loc.gov/authorities/names/n91071061 
245 1 0 |a Fluid dynamics :  |b theory, computation, and numerical simulation /  |c Constantine Pozrikidis. 
264 1 |a New York ;  |a London :  |b Springer,  |c 2009. 
300 |a xvii, 773 pages :  |b illustrations ;  |c 25 cm. 
336 |a text  |b txt  |2 rdacontent 
337 |a computer  |b c  |2 rdamedia 
338 |a online resource  |b cr  |2 rdacarrier 
500 |a Electronic resource. 
500 |a Includes index. 
533 |a Electronic reproduction.  |b New York :  |c Springer,  |d 2009.  |n Mode of access: World Wide Web.  |n System requirements: Web browser.  |n Title from title screen (viewed on Aug. 7, 2009).  |n Access may be restricted to users at subscribing institutions. 
650 0 |a Computational fluid dynamics.  |0 http://id.loc.gov/authorities/subjects/sh2007008173 
650 0 |a Fluid dynamics  |x Mathematical models.  |0 http://id.loc.gov/authorities/subjects/sh2008103862 
650 0 |a Fluid dynamics.  |0 http://id.loc.gov/authorities/subjects/sh85049376 
655 7 |a Electronic books.  |2 local 
710 2 |a SpringerLink (Online service)  |0 http://id.loc.gov/authorities/names/no2005046756 
776 1 |c Original  |z 9780387958699  |z 038795869X  |w (OCoLC)310400999 
856 4 0 |u http://proxy.library.tamu.edu/login?url=https://dx.doi.org/10.1007/978-0-387-95871-2  |z Connect to the full text of this electronic book  |t 0 
994 |a 92  |b TXA 
999 |a MARS 
999 f f |s 69e78462-eeb6-336f-b095-86ed8340305a  |i aab3e0bf-8361-3e40-bd76-368e071deb50  |t 0 
952 f f |a Texas A&M University  |b College Station  |c Electronic Resources  |d Available Online  |t 0  |e QA911 .P63 2009  |h Library of Congress classification 
998 f f |a QA911 .P63 2009  |t 0  |l Available Online